[Event "Weekender - Expert"]
[Site "Enniscrone, Sligo, IE"]
[Date "2026.01.30"]
[Round "1"]
[White "O`Boyle, Donal"]
[Black "Nichenametla V, Advaith"]
[Result "0-1"]
[Board "1"]
[WhiteFideId "2505096"]
[BlackFideId "2516896"]
[WhiteElo "1832"]
[BlackElo "1895"]
[WhiteTeam "IRL"]
[BlackTeam "IRL"]
[WhiteClock "0:02:34"]
[BlackClock "0:11:23"]
[Variant "Standard"]

1. e4 {[%clk 1:30:30]}  e6 {[%clk 1:30:56]} 2. c4 {[%clk 1:31:07]}  d5 {[%clk 1:29:39]} 3. cxd5 {[%clk 1:31:31]}  exd5 {[%clk 1:30:02]} 4. Qa4+ {[%clk 1:31:51]}  Bd7 {[%clk 1:28:45]} 5. Qb3 {[%clk 1:32:15]}  Bc6 {[%clk 1:04:55]} 6. d4 {[%clk 1:30:03]}  a5 {[%clk 0:55:33]} 7. e5 {[%clk 1:20:15]}  Qd7 {[%clk 0:52:23]} 8. a4 {[%clk 1:14:49]}  Na6 {[%clk 0:50:28]} 9. Nc3 {[%clk 1:06:43]}  Nb4 {[%clk 0:46:37]} 10. Nf3 {[%clk 1:04:42]}  Qf5 {[%clk 0:43:54]} 11. Kd1 {[%clk 0:58:23]}  Be7 {[%clk 0:39:16]} 12. Bb5 {[%clk 0:51:41]}  Rd8 {[%clk 0:31:49]} 13. Be3 {[%clk 0:48:42]}  Nh6 {[%clk 0:24:57]} 14. h3 {[%clk 0:36:37]}  g5 {[%clk 0:21:52]} 15. Kd2 {[%clk 0:26:57]}  g4 {[%clk 0:17:41]} 16. hxg4 {[%clk 0:16:41]}  Nxg4 {[%clk 0:17:56]} 17. Rac1 {[%clk 0:09:01]}  Bxb5 {[%clk 0:15:16]} 18. Nxb5 {[%clk 0:09:14]}  c6 {[%clk 0:15:42]} 19. Na3 {[%clk 0:09:10]}  Rg8 {[%clk 0:15:45]} 20. Rhg1 {[%clk 0:06:53]}  Nxe3 {[%clk 0:11:18]} 21. Qxe3 {[%clk 0:06:36]}  Rg4 {[%clk 0:11:37]} 22. Rce1 {[%clk 0:01:51]}  Re4 {[%clk 0:10:55]} 23. Qc3 {[%clk 0:02:13]}  Bg5+ {[%clk 0:10:39]} 24. Nxg5 {[%clk 0:02:25]}  Qxf2+ {[%clk 0:10:58]} 25. Kd1 {[%clk 0:02:34]}  Rxd4+ {[%clk 0:11:23]} 0-1

[Event "Weekender - Expert"]
[Site "Enniscrone, Sligo, IE"]
[Date "2026.01.30"]
[Round "1"]
[White "Taaffe, Paul"]
[Black "Verlekar, Vivaan"]
[Result "1-0"]
[Board "2"]
[WhiteFideId "2503549"]
[BlackFideId "2516942"]
[WhiteElo "1888"]
[BlackElo "1828"]
[WhiteTeam "IRL"]
[BlackTeam "IRL"]
[WhiteClock "0:26:54"]
[BlackClock "0:00:35"]
[Variant "Standard"]

1. e4 {[%clk 1:30:55]}  c5 {[%clk 1:30:48]} 2. Nf3 {[%clk 1:31:14]}  d6 {[%clk 1:30:55]} 3. d4 {[%clk 1:31:30]}  cxd4 {[%clk 1:30:59]} 4. Nxd4 {[%clk 1:31:57]}  Nf6 {[%clk 1:31:07]} 5. Nc3 {[%clk 1:32:18]}  a6 {[%clk 1:31:03]} 6. Bc4 {[%clk 1:32:28]}  e5 {[%clk 1:27:04]} 7. Nf5 {[%clk 1:30:15]}  Nc6 {[%clk 1:18:14]} 8. Bg5 {[%clk 1:24:25]}  Bxf5 {[%clk 1:15:08]} 9. exf5 {[%clk 1:24:43]}  Be7 {[%clk 1:14:12]} 10. Bxf6 {[%clk 1:23:03]}  Bxf6 {[%clk 1:14:30]} 11. Qh5 {[%clk 1:18:04]}  O-O {[%clk 1:04:52]} 12. O-O-O {[%clk 1:17:13]}  Rc8 {[%clk 0:57:37]} 13. Rd3 {[%clk 1:13:38]}  Nd4 {[%clk 0:40:40]} 14. Rh3 {[%clk 1:06:10]}  h6 {[%clk 0:40:30]} 15. Bd5 {[%clk 1:03:16]}  Bg5+ {[%clk 0:19:20]} 16. Kb1 {[%clk 1:00:14]}  Qd7 {[%clk 0:18:24]} 17. g4 {[%clk 0:54:47]}  Rc7 {[%clk 0:07:34]} 18. Qg6 {[%clk 0:42:45]}  Rc5 {[%clk 0:02:53]} 19. f6 {[%clk 0:37:07]}  Bxf6 {[%clk 0:00:56]} 20. Rxh6 {[%clk 0:36:52]}  Re8 {[%clk 0:00:35]} 21. Bxf7+ {[%clk 0:26:54]}  Qxf7 {[%clk 0:00:35]} 1-0

[Event "Weekender - Expert"]
[Site "Enniscrone, Sligo, IE"]
[Date "2026.01.30"]
[Round "1"]
[White "Kenny, William"]
[Black "Heron, Lorcan"]
[Result "0-1"]
[Board "3"]
[WhiteFideId "2509440"]
[BlackFideId "2529343"]
[WhiteElo "1825"]
[BlackElo "1883"]
[WhiteTeam "IRL"]
[BlackTeam "IRL"]
[WhiteClock "0:00:50"]
[BlackClock "0:10:41"]
[Variant "Standard"]

1. d4 {[%clk 1:30:56]}  Nf6 {[%clk 1:30:40]} 2. c4 {[%clk 1:31:16]}  c5 {[%clk 1:30:54]} 3. d5 {[%clk 1:31:07]}  e6 {[%clk 1:31:20]} 4. Nc3 {[%clk 1:31:27]}  exd5 {[%clk 1:31:45]} 5. cxd5 {[%clk 1:31:50]}  d6 {[%clk 1:32:13]} 6. Nf3 {[%clk 1:31:33]}  g6 {[%clk 1:32:27]} 7. Bf4 {[%clk 1:31:18]}  Bg7 {[%clk 1:31:51]} 8. Qa4+ {[%clk 1:31:08]}  Bd7 {[%clk 1:32:17]} 9. Qb3 {[%clk 1:31:28]}  b5 {[%clk 1:31:42]} 10. Bxd6 {[%clk 1:21:17]}  Qb6 {[%clk 1:31:52]} 11. Bxb8 {[%clk 1:15:02]}  Rxb8 {[%clk 1:31:43]} 12. Nd2 {[%clk 1:11:31]}  O-O {[%clk 1:21:03]} 13. e4 {[%clk 1:07:25]}  b4 {[%clk 1:16:49]} 14. Ne2 {[%clk 0:58:16]}  Rfe8 {[%clk 1:06:02]} 15. Qc2 {[%clk 0:50:46]}  Bb5 {[%clk 1:02:54]} 16. Ng3 {[%clk 0:41:38]}  Nxd5 {[%clk 0:52:53]} 17. Bc4 {[%clk 0:39:55]}  Nc7 {[%clk 0:44:15]} 18. O-O {[%clk 0:37:42]}  Ne6 {[%clk 0:38:07]} 19. Nb3 {[%clk 0:29:38]}  Bxc4 {[%clk 0:36:17]} 20. Qxc4 {[%clk 0:30:01]}  Bxb2 {[%clk 0:36:33]} 21. Rab1 {[%clk 0:27:58]}  Bg7 {[%clk 0:32:40]} 22. f4 {[%clk 0:25:30]}  Qb5 {[%clk 0:28:53]} 23. Qc1 {[%clk 0:21:00]}  c4 {[%clk 0:22:52]} 24. f5 {[%clk 0:20:19]}  Nc5 {[%clk 0:19:24]} 25. Nxc5 {[%clk 0:07:41]}  Qxc5+ {[%clk 0:19:46]} 26. Kh1 {[%clk 0:08:03]}  Rbd8 {[%clk 0:16:26]} 27. f6 {[%clk 0:06:21]}  Bf8 {[%clk 0:16:52]} 28. Nf5 {[%clk 0:04:38]}  gxf5 {[%clk 0:12:30]} 29. Qg5+ {[%clk 0:04:51]}  Kh8 {[%clk 0:12:57]} 30. Rxf5 {[%clk 0:05:03]}  Qd4 {[%clk 0:11:31]} 31. e5 {[%clk 0:01:02]}  Qd3 {[%clk 0:11:22]} 32. Re1 {[%clk 0:01:08]}  Qd2 {[%clk 0:10:52]} 33. Qh4 {[%clk 0:01:16]}  Rd4 {[%clk 0:11:01]} 34. g4 {[%clk 0:00:49]}  Rxg4 {[%clk 0:11:05]} 35. Qxg4 {[%clk 0:00:51]}  Qxe1+ {[%clk 0:11:31]} 36. Kg2 {[%clk 0:01:15]}  Rxe5 {[%clk 0:10:41]} 37. Rf3 {[%clk 0:00:46]}  Re2+ {[%clk 0:10:20]} 38. Kh3 {[%clk 0:01:07]}  Re3 {[%clk 0:10:45]} 39. Rxe3 {[%clk 0:00:45]}  Qxe3+ {[%clk 0:11:09]} 40. Kg2 {[%clk 0:00:46]}  c3 {[%clk 0:10:23]} 41. Qc4 {[%clk 0:00:50]}  Qg5+ {[%clk 0:10:41]} 0-1

[Event "Weekender - Expert"]
[Site "Enniscrone, Sligo, IE"]
[Date "2026.01.30"]
[Round "1"]
[White "Webb, Nick"]
[Black "Khanzharov, Edward"]
[Result "0-1"]
[Board "4"]
[WhiteFideId "2517302"]
[BlackFideId "2511975"]
[WhiteElo "1876"]
[BlackElo "1817"]
[WhiteTeam "IRL"]
[BlackTeam "IRL"]
[WhiteClock "0:02:53"]
[BlackClock "0:04:25"]
[Variant "Standard"]

1. Nf3 {[%clk 1:30:44]}  d5 {[%clk 1:30:53]} 2. c4 {[%clk 1:31:06]}  e6 {[%clk 1:31:15]} 3. g3 {[%clk 1:30:58]}  Nf6 {[%clk 1:31:37]} 4. Bg2 {[%clk 1:31:01]}  Be7 {[%clk 1:31:57]} 5. O-O {[%clk 1:30:38]}  O-O {[%clk 1:31:59]} 6. d4 {[%clk 1:30:05]}  b6 {[%clk 1:31:55]} 7. Qc2 {[%clk 1:28:38]}  Nbd7 {[%clk 1:29:57]} 8. Nc3 {[%clk 1:21:15]}  Bb7 {[%clk 1:29:49]} 9. Rd1 {[%clk 1:18:35]}  c5 {[%clk 1:18:42]} 10. dxc5 {[%clk 1:17:07]}  Bxc5 {[%clk 1:18:40]} 11. cxd5 {[%clk 1:11:36]}  Nxd5 {[%clk 1:18:48]} 12. Nxd5 {[%clk 1:09:10]}  exd5 {[%clk 1:08:59]} 13. Ng5 {[%clk 1:04:35]}  Nf6 {[%clk 1:08:51]} 14. e4 {[%clk 1:03:16]}  h6 {[%clk 1:07:15]} 15. e5 {[%clk 1:01:49]}  Qd7 {[%clk 0:45:54]} 16. exf6 {[%clk 0:54:33]}  hxg5 {[%clk 0:46:14]} 17. fxg7 {[%clk 0:54:19]}  Rfe8 {[%clk 0:46:04]} 18. Bxg5 {[%clk 0:54:13]}  Qg4 {[%clk 0:33:39]} 19. Bf4 {[%clk 0:42:48]}  Re2 {[%clk 0:23:49]} 20. Rd2 {[%clk 0:40:42]}  Bxf2+ {[%clk 0:17:11]} 21. Kh1 {[%clk 0:41:06]}  Rae8 {[%clk 0:17:13]} 22. Rxe2 {[%clk 0:39:49]}  Qxe2 {[%clk 0:14:45]} 23. Qxe2 {[%clk 0:38:34]}  Rxe2 {[%clk 0:14:34]} 24. Rd1 {[%clk 0:34:33]}  Kxg7 {[%clk 0:10:57]} 25. Bxd5 {[%clk 0:34:00]}  Re1+ {[%clk 0:10:56]} 26. Kg2 {[%clk 0:33:01]}  Rxd1 {[%clk 0:10:50]} 27. Bxb7 {[%clk 0:32:40]}  Bd4 {[%clk 0:10:27]} 28. b3 {[%clk 0:32:09]}  f6 {[%clk 0:09:39]} 29. Ba6 {[%clk 0:31:30]}  Ra1 {[%clk 0:08:43]} 30. a4 {[%clk 0:30:57]}  Rb1 {[%clk 0:08:30]} 31. Bc4 {[%clk 0:30:46]}  a5 {[%clk 0:08:23]} 32. h4 {[%clk 0:30:37]}  Rb2+ {[%clk 0:07:58]} 33. Kh3 {[%clk 0:26:59]}  f5 {[%clk 0:07:30]} 34. h5 {[%clk 0:25:43]}  Rb1 {[%clk 0:06:29]} 35. Kg2 {[%clk 0:22:08]}  Rg1+ {[%clk 0:05:56]} 36. Kh2 {[%clk 0:21:09]}  Rb1 {[%clk 0:05:20]} 37. Kg2 {[%clk 0:20:34]}  Rb2+ {[%clk 0:05:21]} 38. Kh3 {[%clk 0:20:42]}  Rc2 {[%clk 0:05:11]} 39. Bd3 {[%clk 0:18:27]}  Rc3 {[%clk 0:04:49]} 40. Bc4 {[%clk 0:17:59]}  Kf6 {[%clk 0:04:55]} 41. Bd2 {[%clk 0:12:58]}  Rc2 {[%clk 0:05:21]} 42. Bf4 {[%clk 0:13:03]}  Be5 {[%clk 0:05:25]} 43. Bxe5+ {[%clk 0:08:23]}  Kxe5 {[%clk 0:05:54]} 44. Kh4 {[%clk 0:07:03]}  Kf6 {[%clk 0:05:34]} 45. g4 {[%clk 0:06:55]}  fxg4 {[%clk 0:03:47]} 46. Kxg4 {[%clk 0:06:56]}  Rd2 {[%clk 0:03:44]} 47. Kf4 {[%clk 0:06:29]}  Rd4+ {[%clk 0:03:48]} 48. Ke3 {[%clk 0:04:58]}  Rh4 {[%clk 0:03:01]} 49. Kd3 {[%clk 0:02:55]}  Rxh5 {[%clk 0:02:54]} 50. Kd4 {[%clk 0:02:59]}  Ke7 {[%clk 0:03:02]} 51. Ke4 {[%clk 0:02:34]}  Kd6 {[%clk 0:03:17]} 52. Kd4 {[%clk 0:02:45]}  Rh4+ {[%clk 0:03:36]} 53. Kc3 {[%clk 0:02:54]}  Kc5 {[%clk 0:03:55]} 54. Bg8 {[%clk 0:02:41]}  Rh3+ {[%clk 0:04:00]} 55. Kb2 {[%clk 0:02:56]}  Kb4 {[%clk 0:03:55]} 56. Bc4 {[%clk 0:02:48]}  Rh2+ {[%clk 0:04:06]} 57. Kc1 {[%clk 0:02:53]}  Kc3 {[%clk 0:04:25]} 0-1

[Event "Weekender - Expert"]
[Site "Enniscrone, Sligo, IE"]
[Date "2026.01.30"]
[Round "1"]
[White "Cawston, M John"]
[Black "De Graaf, Arnoud"]
[Result "1-0"]
[Board "5"]
[WhiteFideId "434000"]
[BlackFideId "1017918"]
[WhiteElo "1812"]
[BlackElo "1872"]
[WhiteTeam "ENG"]
[BlackTeam "NED"]
[WhiteClock "0:20:39"]
[BlackClock "0:15:09"]
[Variant "Standard"]

1. Nf3 {[%clk 1:29:16]}  Nf6 {[%clk 1:30:29]} 2. c4 {[%clk 1:29:37]}  g6 {[%clk 1:29:02]} 3. Nc3 {[%clk 1:30:04]}  Bg7 {[%clk 1:29:27]} 4. d4 {[%clk 1:30:20]}  O-O {[%clk 1:29:25]} 5. g3 {[%clk 1:30:47]}  d6 {[%clk 1:28:53]} 6. Bg2 {[%clk 1:31:13]}  c6 {[%clk 1:29:06]} 7. O-O {[%clk 1:31:37]}  Nbd7 {[%clk 1:29:31]} 8. Qc2 {[%clk 1:31:54]}  e5 {[%clk 1:29:44]} 9. Rd1 {[%clk 1:31:59]}  Qe7 {[%clk 1:29:44]} 10. Bg5 {[%clk 1:28:33]}  Re8 {[%clk 1:29:57]} 11. dxe5 {[%clk 1:26:27]}  dxe5 {[%clk 1:30:17]} 12. e4 {[%clk 1:26:39]}  h6 {[%clk 1:29:26]} 13. Be3 {[%clk 1:26:22]}  Nf8 {[%clk 1:28:29]} 14. h3 {[%clk 1:26:45]}  Nh5 {[%clk 1:24:30]} 15. Qd2 {[%clk 1:18:24]}  Kh7 {[%clk 1:24:28]} 16. Qd6 {[%clk 1:17:43]}  Qxd6 {[%clk 1:18:08]} 17. Rxd6 {[%clk 1:17:29]}  Be6 {[%clk 1:18:28]} 18. c5 {[%clk 1:15:34]}  Nd7 {[%clk 1:17:06]} 19. Rad1 {[%clk 1:15:34]}  Rad8 {[%clk 1:16:15]} 20. b4 {[%clk 1:09:23]}  f6 {[%clk 1:12:29]} 21. Bf1 {[%clk 1:04:22]}  Bf8 {[%clk 1:12:27]} 22. R6d2 {[%clk 1:04:36]}  Be7 {[%clk 1:12:00]} 23. Kg2 {[%clk 1:02:16]}  a6 {[%clk 1:09:30]} 24. Be2 {[%clk 1:01:01]}  Ng7 {[%clk 1:06:16]} 25. Na4 {[%clk 0:58:27]}  Nf8 {[%clk 1:05:55]} 26. Rxd8 {[%clk 0:58:27]}  Rxd8 {[%clk 1:05:37]} 27. Rxd8 {[%clk 0:58:44]}  Bxd8 {[%clk 1:06:04]} 28. a3 {[%clk 0:58:56]}  Nd7 {[%clk 1:04:12]} 29. Nb2 {[%clk 0:58:34]}  g5 {[%clk 0:55:07]} 30. Bc4 {[%clk 0:58:06]}  Kg6 {[%clk 0:53:28]} 31. Bxe6 {[%clk 0:58:26]}  Nxe6 {[%clk 0:53:56]} 32. Nc4 {[%clk 0:58:42]}  Bc7 {[%clk 0:52:12]} 33. Kf1 {[%clk 0:53:46]}  Kf7 {[%clk 0:52:10]} 34. Ke2 {[%clk 0:54:02]}  Ke7 {[%clk 0:47:47]} 35. Kd3 {[%clk 0:50:05]}  Nd8 {[%clk 0:47:48]} 36. Nfd2 {[%clk 0:49:29]}  Ke6 {[%clk 0:45:19]} 37. Nb3 {[%clk 0:47:20]}  Nf8 {[%clk 0:45:13]} 38. Bd2 {[%clk 0:38:28]}  Ng6 {[%clk 0:45:28]} 39. Ne3 {[%clk 0:38:21]}  h5 {[%clk 0:43:35]} 40. Nf5 {[%clk 0:38:47]}  Kf7 {[%clk 0:40:27]} 41. Be3 {[%clk 0:34:21]}  h4 {[%clk 0:35:59]} 42. Nd2 {[%clk 0:34:10]}  hxg3 {[%clk 0:35:51]} 43. fxg3 {[%clk 0:34:36]}  Ne6 {[%clk 0:34:58]} 44. Nc4 {[%clk 0:34:41]}  Nd8 {[%clk 0:34:17]} 45. Ncd6+ {[%clk 0:31:16]}  Kf8 {[%clk 0:33:17]} 46. Ke2 {[%clk 0:31:19]}  Ne7 {[%clk 0:32:32]} 47. Kf3 {[%clk 0:31:27]}  Nxf5 {[%clk 0:32:36]} 48. Nxf5 {[%clk 0:31:42]}  Kf7 {[%clk 0:32:20]} 49. Kg4 {[%clk 0:32:07]}  Ne6 {[%clk 0:32:07]} 50. h4 {[%clk 0:26:26]}  gxh4 {[%clk 0:31:22]} 51. gxh4 {[%clk 0:26:54]}  a5 {[%clk 0:30:48]} 52. h5 {[%clk 0:27:00]}  Nd8 {[%clk 0:27:56]} 53. h6 {[%clk 0:26:04]}  Kg6 {[%clk 0:27:52]} 54. Ne7+ {[%clk 0:26:00]}  Kh7 {[%clk 0:28:08]} 55. Kh5 {[%clk 0:26:07]}  axb4 {[%clk 0:27:22]} 56. axb4 {[%clk 0:26:34]}  Ne6 {[%clk 0:26:39]} 57. Nf5 {[%clk 0:20:48]}  Nf4+ {[%clk 0:23:35]} 58. Bxf4 {[%clk 0:19:56]}  exf4 {[%clk 0:23:54]} 59. Kg4 {[%clk 0:20:17]}  Be5 {[%clk 0:24:03]} 60. Nd6 {[%clk 0:20:33]}  Bc3 {[%clk 0:23:22]} 61. Nxb7 {[%clk 0:20:36]}  Bxb4 {[%clk 0:23:46]} 62. Kxf4 {[%clk 0:20:54]}  Kxh6 {[%clk 0:23:40]} 63. Kf5 {[%clk 0:21:16]}  Kg7 {[%clk 0:23:28]} 64. Ke6 {[%clk 0:21:13]}  Kg6 {[%clk 0:23:30]} 65. Kd6 {[%clk 0:20:26]}  Kg5 {[%clk 0:23:00]} 66. Kxc6 {[%clk 0:20:37]}  Kf4 {[%clk 0:22:44]} 67. Kd5 {[%clk 0:20:30]}  Bc3 {[%clk 0:15:09]} 68. c6 {[%clk 0:20:39]} 1-0

[Event "Weekender - Expert"]
[Site "Enniscrone, Sligo, IE"]
[Date "2026.01.30"]
[Round "1"]
[White "Melling, Jonathon"]
[Black "Putar, Slavko"]
[Result "1/2-1/2"]
[Board "6"]
[WhiteFideId "841790"]
[BlackFideId "14557517"]
[WhiteElo "1871"]
[BlackElo "1803"]
[WhiteTeam "IRL"]
[BlackTeam "IRL"]
[WhiteClock "0:38:24"]
[BlackClock "1:04:40"]
[Variant "Standard"]

1. d4 {[%clk 1:30:37]}  Nf6 {[%clk 1:30:50]} 2. Bf4 {[%clk 1:31:01]}  g6 {[%clk 1:30:51]} 3. Nf3 {[%clk 1:31:28]}  Bg7 {[%clk 1:30:44]} 4. c3 {[%clk 1:31:55]}  O-O {[%clk 1:29:05]} 5. Nbd2 {[%clk 1:32:09]}  d5 {[%clk 1:28:43]} 6. e3 {[%clk 1:32:35]}  Nbd7 {[%clk 1:28:22]} 7. h4 {[%clk 1:31:38]}  h5 {[%clk 1:27:22]} 8. Qc2 {[%clk 1:30:34]}  Ng4 {[%clk 1:26:02]} 9. Be2 {[%clk 1:00:58]}  e5 {[%clk 1:22:59]} 10. dxe5 {[%clk 1:01:05]}  Ndxe5 {[%clk 1:22:03]} 11. Nxe5 {[%clk 1:01:14]}  Nxe5 {[%clk 1:21:38]} 12. O-O-O {[%clk 1:00:22]}  Qe7 {[%clk 1:17:49]} 13. Bxe5 {[%clk 0:47:40]}  Qxe5 {[%clk 1:14:20]} 14. Nf3 {[%clk 0:48:01]}  Qe6 {[%clk 1:12:32]} 15. Ng5 {[%clk 0:46:53]}  Qe5 {[%clk 1:06:29]} 16. Nf3 {[%clk 0:43:39]}  Qe6 {[%clk 1:04:40]} 17. Ng5 {[%clk 0:38:24]} 1/2-1/2

[Event "Weekender - Expert"]
[Site "Enniscrone, Sligo, IE"]
[Date "2026.01.30"]
[Round "1"]
[White "Thomas Boby, Aiden"]
[Black "Alvarez Jimenez, Alfonso"]
[Result "0-1"]
[Board "7"]
[WhiteFideId "2535688"]
[BlackFideId "2297418"]
[WhiteElo "1797"]
[BlackElo "1868"]
[WhiteTeam "IRL"]
[BlackTeam "ESP"]
[WhiteClock "0:07:11"]
[BlackClock "0:03:25"]
[Variant "Standard"]

1. e4 {[%clk 1:30:57]}  c5 {[%clk 1:27:34]} 2. Nf3 {[%clk 1:31:04]}  d6 {[%clk 1:27:55]} 3. d4 {[%clk 1:31:29]}  cxd4 {[%clk 1:21:35]} 4. Nxd4 {[%clk 1:31:46]}  Nf6 {[%clk 1:21:54]} 5. Nc3 {[%clk 1:32:11]}  g6 {[%clk 1:22:13]} 6. Be3 {[%clk 1:32:35]}  Bg7 {[%clk 1:22:33]} 7. f3 {[%clk 1:32:59]}  O-O {[%clk 1:22:55]} 8. Bc4 {[%clk 1:33:04]}  Nc6 {[%clk 1:22:59]} 9. Qd2 {[%clk 1:33:08]}  Bd7 {[%clk 1:23:19]} 10. O-O-O {[%clk 1:33:22]}  Rc8 {[%clk 1:23:35]} 11. Bb3 {[%clk 1:33:43]}  Ne5 {[%clk 1:23:44]} 12. g4 {[%clk 1:26:49]}  Nc4 {[%clk 1:17:35]} 13. Bxc4 {[%clk 1:27:02]}  Rxc4 {[%clk 1:17:56]} 14. h4 {[%clk 1:23:46]}  Qa5 {[%clk 1:11:34]} 15. Kb1 {[%clk 1:17:35]}  Rfc8 {[%clk 1:06:25]} 16. g5 {[%clk 1:09:11]}  Nh5 {[%clk 1:04:29]} 17. Rhg1 {[%clk 1:03:41]}  Rxc3 {[%clk 0:52:14]} 18. bxc3 {[%clk 1:00:01]}  Be6 {[%clk 0:46:24]} 19. Nb3 {[%clk 0:50:15]}  Bxb3 {[%clk 0:41:52]} 20. cxb3 {[%clk 0:50:19]}  Bxc3 {[%clk 0:38:54]} 21. Qf2 {[%clk 0:42:05]}  e5 {[%clk 0:33:39]} 22. Rd3 {[%clk 0:38:02]}  d5 {[%clk 0:33:38]} 23. Rxd5 {[%clk 0:38:31]}  Nf4 {[%clk 0:29:09]} 24. Bxf4 {[%clk 0:36:22]}  exf4 {[%clk 0:28:05]} 25. Rgd1 {[%clk 0:33:47]}  Qa3 {[%clk 0:28:04]} 26. Rc1 {[%clk 0:36:07]}  h6 {[%clk 0:18:42]} 27. Rxc3 {[%clk 0:35:42]}  Rxc3 {[%clk 0:18:21]} 28. Rd8+ {[%clk 0:36:09]}  Kh7 {[%clk 0:18:28]} 29. Qg1 {[%clk 0:23:24]}  Rxf3 {[%clk 0:15:39]} 30. gxh6 {[%clk 0:21:44]}  Re3 {[%clk 0:12:18]} 31. Qd1 {[%clk 0:13:48]}  Qe7 {[%clk 0:08:13]} 32. Kb2 {[%clk 0:08:25]}  Rxe4 {[%clk 0:07:09]} 33. Rd7 {[%clk 0:07:37]}  Re2+ {[%clk 0:04:55]} 34. Rd2 {[%clk 0:06:00]}  Qe5+ {[%clk 0:04:36]} 35. Kc2 {[%clk 0:06:15]}  Qc5+ {[%clk 0:04:17]} 36. Kb2 {[%clk 0:06:32]}  Qe5+ {[%clk 0:03:59]} 37. Kc2 {[%clk 0:06:54]}  Qe4+ {[%clk 0:04:15]} 38. Kb2 {[%clk 0:06:44]}  f3 {[%clk 0:04:22]} 39. a4 {[%clk 0:06:29]}  Qd4+ {[%clk 0:04:08]} 40. Kc2 {[%clk 0:06:48]}  Qe4+ {[%clk 0:03:18]} 41. Kb2 {[%clk 0:07:11]}  Qd3 {[%clk 0:03:25]} 0-1

[Event "Weekender - Expert"]
[Site "Enniscrone, Sligo, IE"]
[Date "2026.01.30"]
[Round "1"]
[White "Dahmen, Clemens"]
[Black "Cummins, Sean"]
[Result "0-1"]
[Board "9"]
[WhiteFideId "34607005"]
[BlackFideId "2512084"]
[WhiteElo "1783"]
[BlackElo "1862"]
[WhiteTeam "GER"]
[BlackTeam "IRL"]
[WhiteClock "0:38:30"]
[BlackClock "0:09:42"]
[Variant "Standard"]

1. e4 {[%clk 1:30:48]}  c5 {[%clk 1:30:46]} 2. b3 {[%clk 1:31:09]}  e5 {[%clk 1:29:39]} 3. Bb2 {[%clk 1:31:02]}  Nc6 {[%clk 1:29:28]} 4. Bc4 {[%clk 1:30:53]}  d6 {[%clk 1:26:59]} 5. d3 {[%clk 1:29:02]}  Nf6 {[%clk 1:24:48]} 6. Ne2 {[%clk 1:26:06]}  Be7 {[%clk 1:22:45]} 7. O-O {[%clk 1:24:40]}  O-O {[%clk 1:22:26]} 8. f4 {[%clk 1:22:51]}  a6 {[%clk 1:10:31]} 9. a4 {[%clk 1:22:02]}  Rb8 {[%clk 1:09:29]} 10. Nbc3 {[%clk 1:20:26]}  Nd4 {[%clk 1:05:06]} 11. fxe5 {[%clk 1:15:23]}  dxe5 {[%clk 1:02:47]} 12. a5 {[%clk 1:12:36]}  Bg4 {[%clk 0:47:56]} 13. Qe1 {[%clk 1:07:38]}  Nxc2 {[%clk 0:42:04]} 14. Qg3 {[%clk 1:06:37]}  Nxa1 {[%clk 0:41:50]} 15. Bxa1 {[%clk 1:06:13]}  Bxe2 {[%clk 0:39:37]} 16. Nxe2 {[%clk 1:06:31]}  Bd6 {[%clk 0:34:52]} 17. Bxe5 {[%clk 1:02:45]}  Nh5 {[%clk 0:32:04]} 18. Qg4 {[%clk 0:57:40]}  Bxe5 {[%clk 0:32:06]} 19. Qxh5 {[%clk 0:56:26]}  Qe7 {[%clk 0:29:10]} 20. Rxf7 {[%clk 0:50:06]}  Rxf7 {[%clk 0:27:47]} 21. Bxf7+ {[%clk 0:49:34]}  Qxf7 {[%clk 0:26:43]} 22. Qxe5 {[%clk 0:48:05]}  Rf8 {[%clk 0:26:53]} 23. Kh1 {[%clk 0:47:54]}  Qxb3 {[%clk 0:20:18]} 24. Qxc5 {[%clk 0:45:19]}  Qxd3 {[%clk 0:19:48]} 25. Ng1 {[%clk 0:44:36]}  Qxe4 {[%clk 0:19:48]} 26. h3 {[%clk 0:44:47]}  Qc6 {[%clk 0:17:02]} 27. Qe5 {[%clk 0:43:29]}  b5 {[%clk 0:15:21]} 28. axb6 {[%clk 0:42:48]}  Qxb6 {[%clk 0:15:33]} 29. Qd5+ {[%clk 0:42:52]}  Kh8 {[%clk 0:15:35]} 30. Nf3 {[%clk 0:42:30]}  Rd8 {[%clk 0:12:26]} 31. Qg5 {[%clk 0:41:27]}  Rd1+ {[%clk 0:11:05]} 32. Kh2 {[%clk 0:41:35]}  Qc7+ {[%clk 0:11:03]} 33. Ne5 {[%clk 0:40:57]}  Rd5 {[%clk 0:09:24]} 34. Qf4 {[%clk 0:38:30]}  Qxe5 {[%clk 0:09:42]} 0-1

[Event "Weekender - Expert"]
[Site "Enniscrone, Sligo, IE"]
[Date "2026.01.30"]
[Round "1"]
[White "Mc Aleenan, Charles"]
[Black "Stinson, Conor"]
[Result "1-0"]
[Board "10"]
[WhiteFideId "2461617"]
[BlackFideId "2530929"]
[WhiteElo "1859"]
[BlackElo "1781"]
[WhiteTeam "SCO"]
[BlackTeam "IRL"]
[WhiteClock "0:12:33"]
[BlackClock "0:10:52"]
[Variant "Standard"]

1. f4 {[%clk 1:30:45]}  c5 {[%clk 1:29:37]} 2. Nf3 {[%clk 1:30:23]}  Nf6 {[%clk 1:29:32]} 3. g3 {[%clk 1:29:26]}  Nc6 {[%clk 1:27:58]} 4. Bg2 {[%clk 1:28:27]}  e6 {[%clk 1:25:26]} 5. O-O {[%clk 1:25:44]}  d5 {[%clk 1:23:04]} 6. d3 {[%clk 1:23:07]}  Be7 {[%clk 1:15:55]} 7. c3 {[%clk 1:20:35]}  O-O {[%clk 1:15:58]} 8. Na3 {[%clk 1:16:55]}  a6 {[%clk 1:11:19]} 9. Qe1 {[%clk 1:11:05]}  c4 {[%clk 1:03:41]} 10. Nc2 {[%clk 1:07:15]}  cxd3 {[%clk 1:03:35]} 11. exd3 {[%clk 1:06:47]}  Re8 {[%clk 0:54:13]} 12. h3 {[%clk 1:01:00]}  Qb6+ {[%clk 0:51:27]} 13. Kh2 {[%clk 0:59:08]}  Bd6 {[%clk 0:50:13]} 14. Ne5 {[%clk 0:58:03]}  Nd7 {[%clk 0:46:37]} 15. d4 {[%clk 0:55:00]}  Ne7 {[%clk 0:39:48]} 16. Ne3 {[%clk 0:50:20]}  f6 {[%clk 0:34:02]} 17. Nd3 {[%clk 0:45:37]}  Qb5 {[%clk 0:31:25]} 18. Qd1 {[%clk 0:42:39]}  Nf8 {[%clk 0:29:29]} 19. a4 {[%clk 0:40:05]}  Qc6 {[%clk 0:27:32]} 20. Bd2 {[%clk 0:35:27]}  b6 {[%clk 0:27:25]} 21. c4 {[%clk 0:32:36]}  Bb7 {[%clk 0:25:57]} 22. c5 {[%clk 0:30:11]}  bxc5 {[%clk 0:26:05]} 23. dxc5 {[%clk 0:30:28]}  Bc7 {[%clk 0:23:58]} 24. b4 {[%clk 0:29:05]}  e5 {[%clk 0:21:23]} 25. fxe5 {[%clk 0:26:16]}  fxe5 {[%clk 0:21:27]} 26. Qb3 {[%clk 0:22:48]}  Rad8 {[%clk 0:14:02]} 27. b5 {[%clk 0:21:24]}  Qe6 {[%clk 0:14:01]} 28. c6 {[%clk 0:20:10]}  Bxc6 {[%clk 0:11:13]} 29. bxc6 {[%clk 0:20:22]}  Nfg6 {[%clk 0:10:33]} 30. Qb7 {[%clk 0:17:22]}  Rc8 {[%clk 0:09:56]} 31. Nc5 {[%clk 0:15:56]}  Qd6 {[%clk 0:09:53]} 32. Nxa6 {[%clk 0:15:23]}  e4 {[%clk 0:09:04]} 33. Nxc7 {[%clk 0:14:42]}  Rxc7 {[%clk 0:07:47]} 34. Bb4 {[%clk 0:13:10]}  Qxc6 {[%clk 0:08:07]} 35. Qxc6 {[%clk 0:13:30]}  Rxc6 {[%clk 0:08:31]} 36. Rfd1 {[%clk 0:12:51]}  Rb6 {[%clk 0:08:34]} 37. Bxe7 {[%clk 0:12:20]}  Nxe7 {[%clk 0:08:55]} 38. Nxd5 {[%clk 0:12:37]}  Nxd5 {[%clk 0:09:16]} 39. Rxd5 {[%clk 0:12:57]}  e3 {[%clk 0:09:32]} 40. Re1 {[%clk 0:12:37]}  Rb2 {[%clk 0:09:46]} 41. Rd3 {[%clk 0:12:30]}  e2 {[%clk 0:10:03]} 42. Bf3 {[%clk 0:12:21]}  Kf8 {[%clk 0:10:14]} 43. Kg2 {[%clk 0:12:37]}  Ra2 {[%clk 0:10:34]} 44. Kf2 {[%clk 0:12:33]}  Rxa4 {[%clk 0:10:52]} 1-0